00321nam a2200109Ia 4500008004000000020001800040082001600058100002800074245005800102260004300160300000800203210210b1995 xxu||||| |||| 00| 0 eng d a81 7013 138 3 a954.03 VASH aVASANTHA MADHAVA (K G). aHistory of the freedom movement in India (1857-1947). aNew Delhi.bNavrang Publishers.,c1995 a237